Mi pequeño libro de activismo interseccional.

Gorde:
Xehetasun bibliografikoak
Egile nagusia: McGrath, Titania (autora)
Beste egile batzuk: Freund, Alejandra (traductora)
Formatua: Ezezaguna
Hizkuntza:ingelesa
Argitaratua: Madrid, España: Alianza Editorial, 2021.
Gaiak:
Etiketak: Etiketa erantsi
Etiketarik gabe, Izan zaitez lehena erregistro honi etiketa jartzen!

MARC

LEADER 00000 a2200000 4500
003 CL-VaPUC
005 20220502093655.0
008 220419b2021 ||||| |||| 00| 0 eng d
999 |c 434631  |d 434629 
020 |a 978-8413623931 
040 |c Pontificia Universidad Católica de Valparaíso 
082 7 |a 323.042 MCG 2021  |2 22 
100 |a McGrath, Titania  |9 866758  |e autora 
245 1 |a Mi pequeño libro de activismo interseccional. 
260 |a Madrid, España:  |b Alianza Editorial,  |c 2021. 
300 |a 173 páginas  
583 |k Cristina María Rojas Aguilar  |c 20220419 
650 |a Participación política  |x Literatura juvenil  |9 868600 
650 |a Interseccionalidad (Sociología)  |x Literatura juvenil   |9 868601 
700 |a Freund, Alejandra  |e traductora  |9 868602 
942 |2 ddc  |c BK 
952 |0 0  |1 0  |2 ddc  |4 0  |6 323_042000000000000_MCG_2021  |7 0  |8 A  |9 582654  |a BIBEDU  |b BIBEDU  |c GEN  |d 2022-04-19  |e 74  |g 21344.00  |i 5650824  |o 323.042 MCG 2021  |p 5650824  |r 2022-04-19  |t 1  |v 21344.00  |w 2022-04-19  |y BK  |k FIL